[Event "2021 Winter Server Series, S10001"]
[Site "CCLA"]
[Date "2021.02.22"]
[Round "?"]
[White "Shannon, Paul D."]
[Black "Silverman, Robert"]
[Result "1-0"]
[WhiteElo "2136"]
[BlackElo "2026"]

1. e4 c5 2. c3 Qc7 3. Nf3 g6 4. d4 Bg7 5. Bd3 b6 6. O-O Bb7 7. Re1 d6 8. 
Nbd2 e6 9. Nf1 Nf6 10. h3 O-O 11. Bf4 Nbd7 12. Qd2 e5 13. Bh6 d5 14. Bxg7 
Kxg7 15. dxe5 Nxe5 16. Nxe5 dxe4 17. Bxe4 Nxe4 18. Qf4 g5 19. Qh2 Rae8 20.
 Nc4 Qxh2+ 21. Nxh2 b5 22. Ne3 f5 23. Rad1 Rf7 24. f3 f4 25. Nc2 Nxc3 26. 
bxc3 Rxe1+ 27. Nxe1 h5 28. Kf2 a5 29. Nd3 Rd7 30. Ke2 Rd5 31. Nf1 c4 32. 
Nf2 Re5+ 33. Ne4 Bc6 34. Rd4 Bd5 35. Nd2 g4 36. fxg4 b4 37. Kd1 b3 38. 
axb3 hxg4 39. bxc4 Bxe4 40. Nxe4 f3 41. gxf3 gxh3 42. Nf2 Rh5 43. Rd5 Rh4 
44. Rxa5 h2 45. Nh1 Rxc4 46. Kd2 Kg6 47. Ra2 Rh4 48. Ke3 Rh3 49. c4 Kf5 
50. c5 Ke5 51. Rc2 Rh8 52. c6 Rc8 53. c7 Kd6 54. Kf2 Rxc7 55. Rxc7 Kxc7 
56. Kg2 Kd6 57. Kxh2 Ke5 58. Kg3 Kf6 59. Kf4 Kg6 60. Ke5 Kf7 61. Kf5 Kf8 
62. Kf6 Kg8 63. f4 Kf8 64. f5 Kg8 65. Ke7 1-0

[Event "2021 Winter Server Series, S10001"]
[Site "CCLA"]
[Date "2021.02.22"]
[Round "?"]
[White "Shannon, Paul D."]
[Black "Evans, Stanley W."]
[Result "1-0"]
[WhiteElo "2136"]
[BlackElo "1979"]

1. e4 Nc6 2. d4 e5 3. d5 Nce7 4. Nf3 Ng6 5. h4 h5 6. Bg5 f6 7. Be3 Be7 8. 
Be2 d6 9. Nfd2 Nf8 10. g3 g6 11. Nc3 a6 12. f4 f5 13. fxe5 dxe5 14. Nf3 
Bf6 15. Qd2 Qd6 16. O-O-O Bd7 17. Bg5 Nh7 18. Rhf1 Nxg5 19. Nxg5 Bxg5 20. 
Qxg5 Nh6 21. Bd3 Nf7 22. Qe3 Nh6 23. exf5 Nxf5 24. Qg5 Qe7 25. Qxg6+ 1-0

[Event "2021 Winter Server Series, S10001"]
[Site "CCLA"]
[Date "2021.02.22"]
[Round "?"]
[White "Shannon, Paul D."]
[Black "Hoffman, Dwayne"]
[Result "0-1"]
[WhiteElo "2136"]
[BlackElo "1791"]

1. e4 c6 2. d4 d5 3. e5 Bf5 4. h4 h6 5. g4 Bd7 6. h5 c5 7. c3 Nc6 8. f4 
cxd4 9. cxd4 Qb6 10. Nc3 Nxd4 11. Nxd5 Qc5 12. Nc3 e6 13. Rh3 Bc6 14. Be3 
Rd8 15. Qc1 Qb6 16. Nge2 Bc5 17. Nxd4 Bxd4 18. Bxd4 Rxd4 19. b3 Ne7 20. 
Qe3 Nd5 21. Nxd5 Bxd5 22. Be2 O-O 23. g5 Rc8 24. gxh6 Qb4+ 25. Kf2 Rxf4+ 
26. Kg1 Re4 27. Qf2 Rxe2 0-1

[Event "2021 Winter Server Series, S10001"]
[Site "CCLA"]
[Date "2021.02.22"]
[Round "?"]
[White "Evans, Stanley W."]
[Black "Shannon, Paul D."]
[Result "0-1"]
[WhiteElo "1979"]
[BlackElo "2136"]

1. e4 e5 2. Nc3 Nf6 3. Nf3 d6 4. d4 Nbd7 5. Bc4 Be7 6. a4 O-O 7. O-O c6 8.
 h3 a5 9. Be3 b6 10. Qe2 Bb7 11. Rfd1 Qc7 12. d5 Nc5 13. dxc6 Bxc6 14. Nd5
Nxd5 15. exd5 Bd7 16. b3 Bf5 17. Rac1 Ne4 18. Qe1 Nf6 19. Bd3 e4 20. Nh4 
Bxh3 21. gxh3 exd3 22. Rxd3 Nxd5 23. Rxd5 Bxh4 24. c4 Rfe8 25. Qd2 Re6 26.
 Kh2 Bf6 27. Rg1 Rae8 28. Bf4 Be5 29. Bxe5 Rxe5 30. Rxd6 R5e6 31. Qd4 
Qxd6+ 0-1

[Event "2021 Winter Server Series, S10001"]
[Site "CCLA"]
[Date "2021.02.22"]
[Round "?"]
[White "Silverman, Robert"]
[Black "Shannon, Paul D."]
[Result "1/2-1/2"]
[WhiteElo "2026"]
[BlackElo "2136"]

1. c4 f5 2. Nf3 Nf6 3. g3 e6 4. b3 Be7 5. Bb2 O-O 6. Bg2 d5 7. cxd5 exd5 
8. O-O c6 9. e3 Bd7 10. Re1 Na6 11. Nc3 Nc5 12. Ne5 Be8 13. d4 Ne6 14. a3 
Bh5 15. Qc2 Ne4 16. f3 Nd6 17. Rf1 Bf6 18. Rae1 Ng5 19. h4 Ngf7 20. Na4 
Qe7 21. Nxf7 Bxf7 22. Nc5 Bg6 23. Nd3 Nf7 24. a4 Rfe8 25. Nf4 Nh6 26. Bh3 
Qd6 27. Bc3 Bd8 28. h5 Bf7 29. Bxf5 Nxf5 30. Qxf5 Bc7 31. Kf2 Re7 32. Rh1 
Rf8 33. Bd2 Bg6 34. Qh3 Bc2 35. b4 Bxa4 36. h6 g6 37. Ra1 b5 38. Rhc1 Bb6 
39. Qg4 Bb3 40. Kg2 Bc4 41. Re1 Qf6 42. Bc3 1/2-1/2

[Event "2021 Winter Server Series, S10001"]
[Site "CCLA"]
[Date "2021.02.22"]
[Round "?"]
[White "Hoffman, Dwayne"]
[Black "Shannon, Paul D."]
[Result "0-1"]
[WhiteElo "1791"]
[BlackElo "2136"]

1. d4 e5 2. dxe5 Nc6 3. Nf3 Qe7 4. Nc3 Nxe5 5. e4 c6 6. Be2 Nxf3+ 7. Bxf3 
d6 8. Bf4 Nf6 9. O-O Nd7 10. Qd2 Ne5 11. Be2 Be6 12. Rad1 O-O-O 13. b3 f6 
14. Be3 Qc7 15. f4 Ng4 16. Bxa7 b6 17. h3 Nh6 18. f5 Bg8 19. Bxb6 Qxb6+ 
20. Kh1 Nf7 21. Na4 Qa7 22. c4 Ne5 23. c5 d5 24. Qc3 Nd7 25. exd5 Bxd5 26.
 Bc4 Bxc4 27. Qxc4 Be7 28. Qe6 Bxc5 29. Qxc6+ Kb8 {White forfeited} 0-1

[Event "2021 Winter Server Series, S10001"]
[Site "CCLA"]
[Date "2021.02.22"]
[Round "?"]
[White "Silverman, Robert"]
[Black "Evans, Stanley W."]
[Result "1/2-1/2"]
[WhiteElo "2026"]
[BlackElo "1979"]

1. c4 e5 2. g3 d6 3. Nc3 Be7 4. Nf3 f5 5. Bg2 Nf6 6. d3 O-O 7. O-O Qe8 8. 
d4 e4 9. Ng5 h6 10. Nh3 c6 11. d5 Nbd7 12. f3 exf3 13. exf3 Ne5 14. b3 Rb8
15. Nf4 Qf7 16. Re1 g5 17. Nh3 g4 18. Nf4 Re8 19. fxg4 fxg4 20. Be3 Bf8 
21. Bxa7 Ra8 22. Bd4 Bd7 23. Bxe5 dxe5 24. Nd3 Bd6 25. c5 Bb8 26. d6 Ba7 
27. Rf1 Qg6 28. b4 Rad8 29. Re1 e4 30. Nf4 Qf5 31. Qb3+ Kg7 32. Nxe4 Nxe4 
33. Rxe4 Rxe4 34. a3 Bxc5+ 35. bxc5 Qxc5+ 36. Kh1 Rc4 37. Nh5+ Kg6 38. 
Nf4+ Kg7 39. Nh5+ Kg6 1/2-1/2

[Event "2021 Winter Server Series, S10001"]
[Site "CCLA"]
[Date "2021.02.22"]
[Round "?"]
[White "Silverman, Robert"]
[Black "Hoffman, Dwayne"]
[Result "1-0"]
[WhiteElo "2026"]
[BlackElo "1791"]

1. c4 e6 2. Nf3 f5 3. g3 Nf6 4. Bg2 Be7 5. d4 O-O 6. d5 d6 7. O-O e5 8. 
Ng5 h6 9. Ne6 Bxe6 10. dxe6 Qc8 11. Qb3 c6 12. Nd2 d5 13. cxd5 cxd5 14. 
Nc4 Qxe6 15. Ne3 e4 16. Rd1 Rd8 17. Qxb7 Nc6 18. Nxf5 Qxf5 19. Qxc6 Rac8 
20. Qa4 Ng4 21. Rf1 Bc5 22. e3 Ne5 23. Bd2 Nd3 24. b4 Bb6 25. Qb3 Rc4 26. 
f3 Qh5 27. a4 Ne5 28. fxe4 dxe4 29. Rf2 Kh7 30. a5 Bc7 31. Bc3 Ng4 32. h3 
Nxf2 33. Qxc4 Bxg3 34. Rf1 Qf5 35. Qc5 Nxh3+ 36. Bxh3 Qxh3 37. Qf5+ 
{Black forfeited} 1-0

[Event "2021 Winter Server Series, S10001"]
[Site "CCLA"]
[Date "2021.02.22"]
[Round "?"]
[White "Evans, Stanley W."]
[Black "Silverman, Robert"]
[Result "0-1"]
[WhiteElo "1979"]
[BlackElo "2026"]

1. e4 c5 2. Nf3 a6 3. Nc3 b5 4. d4 e6 5. d5 Bb7 6. Be2 d6 7. O-O e5 8. Qd3
c4 9. Qe3 Be7 10. Ne1 Nf6 11. f4 Bc8 12. Qg3 O-O 13. f5 Kh8 14. a3 Nbd7 
15. Be3 Nc5 16. Bf3 Rg8 17. Rd1 Ncd7 18. h4 Qf8 19. h5 h6 20. Qh3 Nh7 21. 
g4 Bg5 22. Ng2 Bxe3+ 23. Nxe3 Ng5 24. Qg2 Rb8 25. Be2 Qd8 26. Na2 Nf6 27. 
Bf3 Qb6 28. Rfe1 g6 29. hxg6 Kg7 30. gxf7 Kxf7 31. c3 Nxf3+ 0-1

[Event "2021 Winter Server Series, S10001"]
[Site "CCLA"]
[Date "2021.02.22"]
[Round "?"]
[White "Evans, Stanley W."]
[Black "Hoffman, Dwayne"]
[Result "1-0"]
[WhiteElo "1979"]
[BlackElo "1791"]

1. e4 c6 2. d4 d5 3. exd5 cxd5 4. Bd3 Nc6 5. c3 Nf6 6. Ne2 Bg4 7. h3 Bd7 
8. Bf4 g6 9. Nd2 Bg7 10. O-O O-O 11. Nf3 h6 12. Ng3 Rc8 13. Re1 Qb6 14. 
Qd2 Rfe8 15. Ne5 Nxe5 16. dxe5 Nh7 17. Bxh6 Nf8 18. Bxg7 Kxg7 19. Re3 f5 
20. Rf3 d4 21. Re1 dxc3 22. bxc3 Qc7 23. Bxf5 gxf5 24. Qg5+ Ng6 25. e6 1-0

[Event "2021 Winter Server Series, S10001"]
[Site "CCLA"]
[Date "2021.02.22"]
[Round "?"]
[White "Hoffman, Dwayne"]
[Black "Silverman, Robert"]
[Result "0-1"]
[WhiteElo "1791"]
[BlackElo "2026"]

1. d4 Nf6 2. Nc3 c5 3. d5 a6 4. e4 d6 5. a4 e6 6. Bc4 Be7 7. Nf3 O-O 8. 
O-O e5 9. h3 a5 10. Be3 Bd7 11. Nd2 Bc8 12. f4 exf4 13. Bxf4 Nbd7 14. Qf3 
Ne8 15. Bd3 Bf6 16. Nc4 Ne5 17. Nxe5 dxe5 18. Be3 b6 19. Nb5 Bg5 20. Rad1 
Bd7 21. b3 Bxe3+ 22. Qxe3 Bxb5 23. Bxb5 Nd6 24. Bc6 Ra7 25. Qg3 Nxe4 26. 
Qxe5 Re7 27. Qh2 Nc3 28. Rd3 Ne2+ 29. Kh1 Nd4 30. Bb5 Nxc2 31. d6 Re4 32. 
Qg3 Nd4 33. Bc4 Qd7 34. Bd5 Ree8 35. Rf6 Qd8 {White forfeited} 0-1

[Event "2021 Winter Server Series, S10001"]
[Site "CCLA"]
[Date "2021.02.22"]
[Round "?"]
[White "Hoffman, Dwayne"]
[Black "Evans, Stanley W."]
[Result "1-0"]
[WhiteElo "1791"]
[BlackElo "1979"]

1. d4 Nf6 2. Nc3 d6 3. Bf4 g6 4. e3 Bg7 5. Bd3 Nbd7 6. Nf3 c6 7. O-O Nh5 
8. Bg5 h6 9. Bh4 O-O 10. a4 a5 11. Re1 Qe8 12. Rb1 e5 13. dxe5 dxe5 14. 
Nd2 f5 15. Nc4 Qe6 16. Nd6 Nb6 17. Nxf5 gxf5 18. Qxh5 e4 19. Be2 Nd7 20. 
Red1 Ne5 21. Bg3 Bd7 22. Qh3 Kh7 23. Bxe5 Bxe5 24. Nxe4 Qe7 25. Ng5+ Kg7 
26. Nf3 Rad8 27. Nxe5 Qxe5 28. Qh4 f4 29. Rxd7+ Rxd7 30. Qg4+ 1-0

[Event "Winter Server Series, S10002"]
[Site "CCLA"]
[Date "2021.02.22"]
[Round "?"]
[White "Clancey, James"]
[Black "Rouse, LaMont"]
[Result "1-0"]
[WhiteElo "1842"]
[BlackElo "1749"]

1. e4 d5 2. exd5 Nf6 3. Nf3 Nxd5 4. d4 Bg4 5. Be2 e6 6. O-O Be7 7. c4 Nb6 
8. Nc3 O-O 9. h3 Bh5 10. Be3 Nc6 11. b3 Bg6 12. Qd2 Bb4 13. a3 Be7 14. b4 
Bf6 15. Rad1 Ne7 16. Qc1 Nf5 17. Bf4 c6 18. Ne4 Nh4 19. Nxf6+ Qxf6 20. Ne5
Qd8 21. Bg5 Qc7 22. Bxh4 Nd7 23. Nxd7 Qxd7 24. Bg3 a5 25. b5 Rfd8 26. bxc6
bxc6 27. c5 Be4 28. f3 Bg6 29. Bc4 h6 30. Bd6 Kh8 31. g4 Re8 32. Rd2 Ra7 
33. h4 Bh7 34. Rff2 Rb7 35. Rb2 f6 36. Rxb7 Qxb7 37. Re2 g5 38. Qe1 Qc8 
39. Rb2 Qd7 40. Qxa5 f5 41. Be5+ Kg8 42. h5 fxg4 43. fxg4 Rf8 44. Rb7 Qxb7
45. Bxe6+ Rf7 46. Qd8# 1-0

[Event "Winter Server Series, S10002"]
[Site "CCLA"]
[Date "2021.02.22"]
[Round "?"]
[White "Clancey, James"]
[Black "Zarges, Ron V."]
[Result "0-1"]
[WhiteElo "1842"]
[BlackElo "1827"]

1. e4 c5 2. Nf3 Nc6 3. d4 cxd4 4. Nxd4 Nf6 5. Nc3 e5 6. Ndb5 d6 7. Bg5 a6 
8. Na3 b5 9. Nd5 Be7 10. Bxf6 Bxf6 11. c3 O-O 12. Nc2 Rb8 13. h4 Be7 14. 
Nce3 Be6 15. a4 Qd7 16. Be2 Bd8 17. h5 h6 18. g4 Bg5 19. axb5 axb5 20. O-O
Bxe3 21. fxe3 Bxd5 22. exd5 Ne7 23. Bf3 f5 24. Qe2 e4 25. Bg2 Nxd5 26. 
gxf5 Rxf5 27. Bxe4 Rxf1+ 28. Rxf1 Nf6 29. Bf5 Qe7 30. Rc1 Re8 31. Kf2 Ne4+
32. Kg2 Qg5+ 0-1

[Event "Winter Server Series, S10002"]
[Site "CCLA"]
[Date "2021.02.22"]
[Round "?"]
[White "Clancey, James"]
[Black "Strelecky, Rich"]
[Result "1-0"]
[WhiteElo "1842"]
[BlackElo "1799"]

1. e4 e5 2. Nf3 Nc6 3. Bb5 a6 4. Ba4 Nf6 5. O-O Be7 6. c3 d6 7. Re1 O-O 8.
 h3 b5 9. Bc2 Bb7 10. d4 Re8 11. Nbd2 Qd7 12. Nf1 exd4 13. cxd4 Nb4 14. 
Ng3 d5 15. e5 Nxc2 16. Qxc2 Ne4 17. Be3 Nxg3 18. fxg3 h6 19. Bxh6 gxh6 20.
 e6 fxe6 21. Ne5 Qd6 22. Qg6+ Kh8 23. Nf7# 1-0

[Event "Winter Server Series, S10002"]
[Site "CCLA"]
[Date "2021.02.22"]
[Round "?"]
[White "Rouse, LaMont"]
[Black "Clancey, James"]
[Result "1-0"]
[WhiteElo "1749"]
[BlackElo "1842"]

1. Nc3 d5 2. e4 c6 3. exd5 cxd5 4. d4 Nc6 5. Nf3 Bg4 6. Be2 e6 7. a3 Bd6 
8. h3 Bxf3 9. Bxf3 Nf6 10. Bg5 Rc8 11. O-O h6 12. Bh4 g5 13. Bg3 Bxg3 14. 
fxg3 O-O 15. Qd2 Qb6 16. Rab1 Nxd4 17. Kh2 Nf5 18. Bg4 Nxg4+ 19. hxg4 Ne3 
20. Rf3 Nxg4+ 21. Kh1 Ne5 22. Rff1 Nc4 23. Qf2 Ne5 24. Qxb6 axb6 25. Rf2 
Kg7 26. Nb5 Ng4 27. Re2 e5 28. c3 Rfd8 29. Rbe1 h5 30. Rf1 Rc6 31. Kg1 Rf8
32. Rd1 Rd8 33. Rd3 d4 34. Re1 dxc3 35. Rxd8 cxb2 36. Rdd1 Kf6 37. Rb1 Rc2
38. a4 Kg6 39. Na3 Rc3 40. Nb5 Rb3 41. Re2 1-0

[Event "Winter Server Series, S10002"]
[Site "CCLA"]
[Date "2021.02.22"]
[Round "?"]
[White "Rouse, LaMont"]
[Black "Zarges, Ron V."]
[Result "0-1"]
[WhiteElo "1749"]
[BlackElo "1827"]

1. Nc3 c5 2. e4 e6 3. f4 d5 4. Nf3 d4 5. Ne2 Nc6 6. d3 f5 7. Ng3 Nf6 8. 
Be2 Be7 9. h3 O-O 10. O-O a6 11. Bd2 b5 12. c3 g6 13. exf5 gxf5 14. Ne5 
Bb7 15. Nxc6 Bxc6 16. Bf3 Bxf3 17. Qxf3 Qd5 18. Qxd5 Nxd5 19. Rae1 Bh4 20.
 Kh2 dxc3 21. bxc3 Rfe8 22. Re5 Bf6 23. Ree1 Bxc3 24. Bxc3 Nxc3 25. Rf2 
Rad8 26. Nh5 Kf7 27. g4 Rxd3 28. gxf5 exf5 29. Rxe8 Kxe8 30. Ng7+ Kd7 31. 
Nxf5 c4 32. Rg2 Nd5 33. Rg7+ Kc6 34. Ne7+ Nxe7 35. Rxe7 c3 36. Re8 b4 37. 
f5 Rf3 0-1

[Event "Winter Server Series, S10002"]
[Site "CCLA"]
[Date "2021.02.22"]
[Round "?"]
[White "Rouse, LaMont"]
[Black "Strelecky, Rich"]
[Result "0-1"]
[WhiteElo "1749"]
[BlackElo "1799"]

1. b4 e5 2. Bb2 d6 3. c4 Nf6 4. e3 Be7 5. Nf3 Bg4 6. h3 Bd7 7. Be2 h6 8. 
O-O O-O 9. Nc3 e4 10. Ne1 Nc6 11. d3 Nxb4 12. a3 Nxd3 13. Nxd3 exd3 14. 
Bxd3 Re8 15. Nd5 c5 16. Nxe7+ Qxe7 17. Qc2 Bc6 18. Rad1 b6 19. Be2 Qe4 20.
 Qxe4 Nxe4 21. Bf3 Re6 22. g3 f6 23. Bg2 Bb7 24. Rfe1 Rae8 25. a4 Kh7 26. 
Ra1 a5 27. Rab1 Ba6 28. Rec1 Nd2 29. Bd5 Nxb1 30. Bxe6 Rxe6 31. Rxb1 Bxc4 
32. Bc3 d5 33. Kg2 Bd3 34. Rb2 g5 35. g4 Bg6 36. f3 Be8 37. Ra2 Rxe3 38. 
Bxf6 d4 39. Bd8 Rb3 40. Kf2 Bc6 41. Re2 Rxf3+ 42. Kg1 Rxh3 43. Re7+ Kg8 
44. Bxb6 Rg3+ 45. Kf1 Bxa4 46. Bxc5 d3 47. Re3 d2 48. Re8+ Bxe8 0-1

[Event "Winter Server Series, S10002"]
[Site "CCLA"]
[Date "2021.02.22"]
[Round "?"]
[White "Zarges, Ron V."]
[Black "Clancey, James"]
[Result "0-1"]
[WhiteElo "1827"]
[BlackElo "1842"]

1. e4 e5 2. Nf3 Nc6 3. Bb5 f5 4. Nc3 fxe4 5. Nxe4 Nf6 6. Nxf6+ Qxf6 7. Qe2
Be7 8. Bxc6 bxc6 9. Nxe5 Qe6 10. Nf3 d6 11. Qxe6 Bxe6 12. O-O Bf6 13. h3 
Kd7 14. a3 Rhe8 15. Re1 c5 16. d3 Rab8 17. Rb1 Ba2 18. Rxe8 Rxe8 19. Ra1 
Bd5 20. c3 Bxf3 21. gxf3 Re1+ 22. Kg2 Bg5 23. Bxg5 Rxa1 24. Be3 Ra2 25. 
Bc1 Ra1 26. Be3 Rd1 27. d4 c4 28. f4 Rb1 29. f5 Rxb2 30. d5 Rb3 0-1

[Event "Winter Server Series, S10002"]
[Site "CCLA"]
[Date "2021.02.22"]
[Round "?"]
[White "Zarges, Ron V."]
[Black "Rouse, LaMont"]
[Result "1/2-1/2"]
[WhiteElo "1827"]
[BlackElo "1749"]

1. e4 d5 2. exd5 Nf6 3. Bb5+ Bd7 4. Be2 Nxd5 5. d4 Nf6 6. Nf3 e6 7. Be3 
Bc6 8. O-O Be7 9. h3 O-O 10. Nbd2 Nd5 11. Ne5 Nxe3 12. fxe3 Bg5 13. Bf3 
Bxe3+ 1/2-1/2

[Event "Winter Server Series, S10002"]
[Site "CCLA"]
[Date "2021.02.22"]
[Round "?"]
[White "Zarges, Ron V."]
[Black "Strelecky, Rich"]
[Result "1/2-1/2"]
[WhiteElo "1827"]
[BlackElo "1799"]

1. e4 e5 2. Nf3 Nf6 3. Nc3 Nc6 4. d4 exd4 5. Nxd4 Bb4 6. Nxc6 bxc6 7. Bd3 
h6 8. O-O Bxc3 9. bxc3 d6 10. Qf3 O-O 11. Qg3 Nh5 12. Qf3 Nf6 13. Qg3 Nh5 
14. Qf3 Qh4 15. Be2 Nf6 16. Bd3 Re8 17. Re1 Bg4 18. Qg3 Qxg3 19. hxg3 Bf5 
20. f3 Bd7 21. Bd2 Rab8 22. Bc4 Re5 23. Bb3 c5 24. Bf4 Re7 25. g4 a5 26. 
Rab1 Rbe8 27. Kf2 Bb5 28. c4 Bd7 29. c3 g5 30. Bd2 Bxg4 31. Bc2 Be6 32. 
Bd3 Nd7 33. f4 g4 34. Rh1 Nb6 35. Rxh6 Bxc4 36. Bc2 f5 37. Rbh1 fxe4 38. 
Be3 g3+ 39. Kxg3 Nd5 40. Bd2 Rg7+ 41. Kh2 e3 42. Be1 Nxf4 43. g3 Nd3 44. 
Bxd3 Bxd3 45. Kg1 e2 46. Rh8+ Kf7 47. R8h6 Rg4 48. R6h4 Reg8 49. Rxg4 Rxg4
50. Rh4 Rxh4 51. gxh4 a4 52. a3 d5 53. Kf2 Bb5 54. Ke3 Kg6 55. Bd2 Kh5 56.
 Be1 Kg4 57. Bf2 Bc4 58. Be1 Ba6 59. Bf2 d4+ 60. cxd4 cxd4+ 61. Kxd4 Kf3 
62. Be1 Bc8 63. h5 Bf5 64. Kc3 c5 65. Kd2 c4 66. h6 Bd3 67. Kc3 Kg2 68. 
Kd2 Kf1 69. Bh4 Bh7 70. Bg3 c3+ 71. Kxc3 e1=Q+ 72. Bxe1 Kxe1 73. Kb4 Bc2 
74. h7 Bxh7 75. Kxa4 1/2-1/2

[Event "Winter Server Series, S10002"]
[Site "CCLA"]
[Date "2021.02.22"]
[Round "?"]
[White "Strelecky, Rich"]
[Black "Clancey, James"]
[Result "1-0"]
[WhiteElo "1799"]
[BlackElo "1842"]

1. Nf3 d5 2. d4 Nf6 3. c4 g6 4. Nc3 Bg7 5. Nxd5 Nxd5 6. cxd5 Qxd5 7. Bf4 
O-O 8. Bxc7 Nc6 9. e3 Bf5 10. Be5 f6 11. Bf4 g5 12. Qa4 gxf4 13. Bc4 Qxc4 
14. Qxc4+ e6 15. d5 Ne5 16. Nxe5 Rac8 17. Nc6 bxc6 18. dxe6 Rce8 19. e7+ 
Rf7 20. Qxf4 Be6 21. O-O Rexe7 22. Qb8+ Rf8 23. Qd6 Kf7 24. Qxc6 f5 25. 
Qb5 Bd7 26. Qb3+ Be6 27. Qb4 Rg8 28. Rfd1 Bc8 29. Qb3+ Be6 30. Qb4 Bf6 31.
 Rd6 1-0

[Event "Winter Server Series, S10002"]
[Site "CCLA"]
[Date "2021.02.22"]
[Round "?"]
[White "Strelecky, Rich"]
[Black "Rouse, LaMont"]
[Result "1/2-1/2"]
[WhiteElo "1799"]
[BlackElo "1749"]

1. g3 e5 2. c4 Nf6 3. Nc3 Nc6 4. Nf3 d6 5. d3 Be7 6. Bg2 O-O 7. O-O Bg4 8.
 h3 Bh5 9. Bg5 h6 10. Bd2 a6 11. Nh4 Rb8 12. Bxc6 bxc6 13. b3 d5 14. g4 
Bg6 15. Nxg6 fxg6 16. e3 d4 17. Ne2 c5 18. e4 Nh7 19. f4 Bd6 20. fxe5 Bxe5
21. Rxf8+ Qxf8 22. Qf1 Qd6 23. Kh1 Rf8 24. Qg2 Ng5 25. Bxg5 hxg5 26. Ng1 
Bf4 27. Nf3 Be3 28. e5 Qc6 29. Rf1 a5 30. Nh2 Rxf1+ 31. Nxf1 Qxg2+ 32. 
Kxg2 Bf4 33. Ng3 Bxg3 34. Kxg3 Kf7 35. Kf3 c6 36. a3 Ke7 37. Ke4 Ke6 38. 
a4 Ke7 1/2-1/2

[Event "Winter Server Series, S10002"]
[Site "CCLA"]
[Date "2021.02.22"]
[Round "?"]
[White "Strelecky, Rich"]
[Black "Zarges, Ron V."]
[Result "1/2-1/2"]
[WhiteElo "1799"]
[BlackElo "1827"]

1. Nf3 g6 2. e4 Bg7 3. d4 d6 4. Nc3 a6 5. Be2 Nf6 6. h3 b5 7. e5 dxe5 8. 
Nxe5 c6 9. Bg5 O-O 10. O-O Bb7 11. Qd2 Nbd7 12. Ng4 Nxg4 13. Bxg4 Nf6 14. 
Be2 Rc8 15. Bf3 b4 16. Na4 Ba8 17. Qxb4 Nd5 18. Bxd5 Qxd5 19. Qc5 Bxd4 20.
 Qxd5 cxd5 21. c3 Bf6 22. Bxf6 exf6 23. Nb6 Rcd8 24. Nxa8 Rxa8 25. Rfd1 
Rfd8 26. f4 f5 27. Kf2 Rac8 28. Rd4 Rc4 29. Rxc4 dxc4 30. Re1 Kf8 31. a4 
Rd2+ 32. Re2 Rd5 33. Re1 Rd2+ 34. Re2 Rd5 1/2-1/2

[Event "Winter Server Series, S10003"]
[Site "CCLA"]
[Date "2021.02.22"]
[Round "?"]
[White "Smail, John"]
[Black "Kleine, Larry"]
[Result "0-1"]
[WhiteElo "1718"]
[BlackElo "1701"]

1. d4 Nf6 2. Bg5 Ne4 3. Bf4 c5 4. d5 Qb6 5. Bc1 g6 6. f3 Nd6 7. e4 Bg7 8. 
Nd2 O-O 9. f4 e6 10. e5 Nf5 11. Nc4 Qd8 12. Nf3 d6 13. exd6 Re8 14. Be2 
exd5 15. Qxd5 Be6 16. Qxc5 Na6 17. Qb5 Bxc4 18. Qxc4 Rc8 19. Qb3 Qxd6 20. 
c3 Nc5 21. Qc2 Nd3+ 22. Kf1 Nxc1 23. Qxc1 Ne3+ 0-1

[Event "Winter Server Series, S10003"]
[Site "CCLA"]
[Date "2021.02.22"]
[Round "?"]
[White "Kleine, Larry"]
[Black "Smail, John"]
[Result "0-1"]
[WhiteElo "1701"]
[BlackElo "1718"]

1. c4 e6 2. Nf3 f5 3. g3 Nf6 4. Bg2 d6 5. O-O Be7 6. Nc3 e5 7. d3 O-O 8. 
Rb1 a5 9. a3 c6 10. b4 h6 11. b5 g5 12. bxc6 Nxc6 13. Be3 Qe8 14. Bb6 Qh5 
15. e4 g4 16. Ne1 f4 17. f3 fxg3 18. hxg3 gxf3 19. Nxf3 Ng4 20. Rb2 Bg5 
21. Re2 Be6 22. Nb5 Rad8 23. Bh1 Nd4 24. Bxd8 Nxe2+ 25. Qxe2 Be3+ 26. Kg2 
Rxd8 27. Nh4 Bc5 28. Rf3 Rd7 0-1

[Event "Winter Server Series, S10003"]
[Site "CCLA"]
[Date "2021.02.22"]
[Round "?"]
[White "Catania, Duane"]
[Black "Kleine, Larry"]
[Result "0-1"]
[WhiteElo "1618"]
[BlackElo "1701"]

1. e4 e5 2. Nf3 Nc6 3. Bc4 Bc5 4. O-O Nf6 5. d4 Bxd4 6. Nxd4 Nxd4 7. f4 d6
8. c3 Ne6 9. f5 Nc5 10. Nd2 c6 11. Qf3 d5 12. exd5 cxd5 13. Bb5+ Bd7 14. 
Qe2 O-O 15. Kh1 Qb6 16. Bxd7 Nfxd7 17. Qg4 Nd3 18. Qg3 Nxc1 19. Raxc1 Qxb2
20. Nf3 f6 21. Rb1 Qxa2 22. Rxb7 Qc4 23. Rfb1 Qd3 24. Ra1 Qxc3 25. Ra6 Qc8
26. Rbxa7 Rxa7 27. Rxa7 Rf7 28. Qf2 Qc4 29. Ra8+ Nf8 30. h3 Rb7 31. Qd2 
Rd7 32. Qa5 Qc7 33. Qa6 Rd8 34. Ra7 Qd6 35. Qa4 Qc5 36. Rb7 d4 37. Kh2 e4 
38. Nd2 Qxf5 39. Qb3+ Kh8 40. Qf7 Qe5+ 41. Kh1 f5 42. Nc4 Qf6 43. Qc7 Rd7 
44. Qc8 Rxb7 45. Qxb7 d3 46. Qd5 Qe6 47. Qc5 Ng6 48. Qd4 h6 49. Qd8+ Kh7 
50. Nb6 Qa2 51. Nd7 d2 0-1

[Event "Winter Server Series, S10003"]
[Site "CCLA"]
[Date "2021.02.22"]
[Round "?"]
[White "Kleine, Larry"]
[Black "Catania, Duane"]
[Result "1/2-1/2"]
[WhiteElo "1701"]
[BlackElo "1618"]

1. c4 e6 2. Nf3 b6 3. g3 Bb7 4. Bg2 Nf6 5. O-O Be7 6. b3 O-O 7. Bb2 d6 8. 
e3 Nbd7 9. Qe2 Rb8 10. Rd1 Re8 11. d4 Ne4 12. Nc3 Ndf6 13. Rac1 Nxc3 14. 
Bxc3 Ne4 15. Bb2 h6 16. Nd2 Nxd2 17. Qxd2 Bxg2 18. Kxg2 Bf6 19. Rc2 Qc8 
20. Qd3 Qb7+ 21. f3 Rbd8 22. e4 Kf8 23. d5 Bxb2 24. Rxb2 e5 25. Qc3 
1/2-1/2

[Event "Winter Server Series, S10003"]
[Site "CCLA"]
[Date "2021.02.22"]
[Round "?"]
[White "Huston, Mark"]
[Black "Kleine, Larry"]
[Result "0-1"]
[WhiteElo "1687"]
[BlackElo "1701"]

1. e4 e5 2. Nf3 Nc6 3. Bc4 Bc5 4. c3 Nf6 5. d3 a6 6. O-O d6 7. a4 Ba7 8. 
Re1 O-O 9. h3 Ne7 10. Nbd2 Ng6 11. d4 h6 12. Bd3 Re8 13. Nf1 c6 14. Bc2 
Qc7 15. Be3 Bd7 16. Qd2 Rad8 17. Qc1 exd4 18. Bxd4 Bxd4 19. cxd4 Nf8 20. 
N1d2 Ne6 21. b4 Nf4 22. Nc4 N6h5 23. e5 dxe5 24. dxe5 Be6 25. Re4 Bxc4 26.
 Rxf4 Nxf4 27. Qxf4 Bd5 28. Re1 Bxf3 29. gxf3 Rd5 30. Bb3 Rexe5 31. Rxe5 
Qxe5 32. Qe4 Qxe4 33. fxe4 Rd3 0-1

[Event "Winter Server Series, S10003"]
[Site "CCLA"]
[Date "2021.02.22"]
[Round "?"]
[White "Kleine, Larry"]
[Black "Huston, Mark"]
[Result "1/2-1/2"]
[WhiteElo "1701"]
[BlackElo "1687"]

1. d4 Nf6 2. c4 g6 3. Nc3 Bg7 4. e4 d6 5. Nf3 O-O 6. Be2 e5 7. d5 a5 8. 
Bg5 h6 9. Bh4 Na6 10. Nd2 Qe8 11. O-O Nh7 12. a3 Bd7 13. Kh1 f5 14. exf5 
gxf5 15. Bh5 Qc8 16. Be7 Re8 17. Bxe8 Qxe8 18. Bh4 e4 19. Nb3 Bxc3 20. 
bxc3 Ba4 21. Qb1 Bxb3 22. Qxb3 Nc5 23. Qc2 Qh5 24. Bg3 Rf8 25. Bf4 Nf6 26.
 Rad1 Kh7 27. f3 Rg8 28. fxe4 Ncxe4 29. Rde1 Qg6 30. Rf3 Nh5 31. Bg3 
Nhxg3+ 32. hxg3 Nxg3+ 33. Kg1 Ne4 34. Rxf5 Qxf5 35. Rxe4 Rg7 36. Qe2 Qg5 
37. Re6 1/2-1/2

[Event "Winter Server Series, S10003"]
[Site "CCLA"]
[Date "2021.02.22"]
[Round "?"]
[White "Huston, Mark"]
[Black "Catania, Duane"]
[Result "1-0"]
[WhiteElo "1687"]
[BlackElo "1618"]

1. e4 e6 2. d4 d5 3. Nd2 Nf6 4. e5 Ne4 5. Bd3 Nxd2 6. Bxd2 c5 7. dxc5 Bxc5
8. Qg4 Kf8 9. Bb4 Qe7 10. Bxc5 Qxc5 11. Ne2 Nc6 12. Qf4 Qb4+ 13. Qxb4+ 
Nxb4 14. Kd2 Bd7 15. a3 Nc6 16. f4 Ke7 17. Rhf1 g6 18. b4 Rac8 19. c3 Rc7 
20. Ra2 Kd8 21. a4 Ne7 22. Nd4 Nf5 23. Nb5 Bxb5 24. axb5 Kd7 25. Rxa7 b6 
26. Rfa1 Rc8 27. Rxc7+ Rxc7 28. Ra6 Rb7 29. g4 Ng7 30. c4 dxc4 31. Be4 Rb8
32. h4 h5 33. g5 Nf5 34. Ra7+ Ke8 35. Bxf5 gxf5 36. Kc3 Kf8 37. Kxc4 Rc8+ 
38. Kb3 Rb8 39. g6 fxg6 40. Rh7 Kg8 41. Re7 Rd8 42. Rxe6 Rd4 43. Rxg6+ Kh7
44. Rxb6 1-0